000 00695nam a2200241Ia 4500
003 OSt
005 20220925232103.0
006 a|||||r|||| 00| 0
007 ta
008 220923b |||||||| |||| 00| 0 eng d
037 _cGeneral Book
040 _aRTL
_cRTL
_beng
041 _2eng
_aeng
082 _aXM8:8:(D6,9(B), M3
100 _aSelig Gad J
_9296657
245 0 _aStrategic planning for information resource manage
260 _aMichigan
_bU M I Research Press
_c1983
300 _a257p
_ccm.
490 _aManagement Information Systems.4
650 _aMultinational
942 _hXM8:8:(D6,9(B), M3
_cGB
_2CC
999 _c590248
_d590248